| 000 | 01345nam a2200349 i 4500 | ||
|---|---|---|---|
| 001 | 179731 | ||
| 003 | ES-MaACL | ||
| 005 | 20250825062644.0 | ||
| 008 | 120113s2011 sp ap |||| | spa d | ||
| 020 | _a978-84-9947-179-2 | ||
| 040 | _cES-MaACL | ||
| 080 | _a741.5 | ||
| 100 | 1 |
_aValero, Teresa. _9149055 _eaut |
|
| 245 | 1 | 0 |
_aCuriosity shop : _b1914, el despertar / _cguión, Teresa Valero ; dibujo, Montse Martín ; color, Montse Martín & Gabor. |
| 260 |
_aBarcelona : _bGlénat, _c2011 _e(Francia : _fPollina) |
||
| 300 |
_a56 páginas : _btodas ilustraciones color ; _c32 cm. |
||
| 490 | 1 |
_aBiblioteca gráfica ; _v1 |
|
| 500 | _aCronología | ||
| 599 | _aCon ilustraciones del Ateneo de Madrid | ||
| 610 | 2 | 4 |
_aAteneo de Madrid- _vDibujo. _9155264 |
| 655 | 7 |
_2tgfbne _aCómics _9226827 |
|
| 655 | 7 |
_2tgfbne _aLibros ilustrados _9193653 |
|
| 700 | 1 |
_aMartín, Montse. _9149056 _edrm |
|
| 700 | 1 |
_aGabor, _d1977- _edrm _9149057 |
|
| 830 |
_aBiblioteca gráfica ; _v1 _9227850 |
||
| 852 |
_aES-MaACL _bR.148130 _cDEPO1 _dOlim: N-4857 _gDedicatoria autógrafa de ambas autoras _hDonación: Teresa Valero y Montse Martín _jA-11852 _9186631 |
||
| 903 |
_9149055 _aValero, Teresa _ednr |
||
| 903 |
_9149056 _aMartín, Montse _ednr |
||
| 942 |
_cMONOGRAFIA _n0 |
||
| 999 |
_c179731 _d179731 |
||